Sustainable Tourism Development. Approaches to Assessing Achievement of the Objectives

Návrh relevantných kvantitatívnych ukazovateľov na posúdenie efektívnosti dosahovania cieľov udržateľného rozvoja v cestovnom ruchu na základe troch dimenzií. Meranie efektívnosti dosahovania cieľov udržateľného rozvoja na mikro-, mezo- a makroúrovni. Skúmanie korelácie medzi ukazovateľmi konkurenci...

Full description

Saved in:
Bibliographic Details
Main Author: Mozgovaya, Olga
Other Authors: Smalei, Uladzimir
Format: Book Chapter
Language:Slovak
Subjects:
Tags: Add Tag
No Tags, Be the first to tag this record!

MARC

LEADER 00000naa a2200000 4500
001 0295608
005 20240425122929.6
041 0 |a slo 
044 |a SK 
245 1 0 |a Sustainable Tourism Development. Approaches to Assessing Achievement of the Objectives  |c Olga Mozgovaya, Uladzimir Smalei 
520 |a Návrh relevantných kvantitatívnych ukazovateľov na posúdenie efektívnosti dosahovania cieľov udržateľného rozvoja v cestovnom ruchu na základe troch dimenzií. Meranie efektívnosti dosahovania cieľov udržateľného rozvoja na mikro-, mezo- a makroúrovni. Skúmanie korelácie medzi ukazovateľmi konkurencieschopnosti a efektívnosťou dosahovania cieľov udržateľného rozvoja. 
610 2 0 |a rozvoj hospodársky 
610 2 0 |a rozvoj podniku 
610 2 0 |a rozvoj sociálno-ekonomický 
610 2 0 |a rozvoj trvalo udržateľný 
610 2 0 |a ruch cestovný udržateľný 
610 2 0 |a udržateľnosť 
610 2 0 |a meranie 
610 2 0 |a ruch cestovný 
610 2 0 |a ekonómia 
610 2 0 |a prostredie životné 
610 2 0 |a konkurencieschopnosť 
100 1 |a Mozgovaya, Olga 
700 1 |a Smalei, Uladzimir